| 000 | 00457nam a2200193Ia 4500 | ||
|---|---|---|---|
| 005 | 20240823020847.0 | ||
| 008 | 240823s9999||||xx |||||||||||||| ||und|| | ||
| 020 | _a81-7319-624-9 | ||
| 041 | _aENGLISH | ||
| 082 | _A515 P5 | ||
| 100 | _aDevi Prasad | ||
| 245 | 0 | _aNumerical Analysis | |
| 250 | _a2nd | ||
| 260 |
_c2005 _b"Narosa, New " _aNew Delhi |
||
| 500 | _aISSUED | ||
| 650 |
_aNumerical Analysis _bMathematics |
||
| 942 | _cBK | ||
| 999 |
_c175728 _d175728 |
||